Amerbail = امربیل / (Record no. 42881)
[ view plain ]
| 000 -LEADER | |
|---|---|
| fixed length control field | 00527nam a2200193Ia 4500 |
| 001 - CONTROL NUMBER | |
| control field | 44906 |
| 005 - DATE AND TIME OF LATEST TRANSACTION | |
| control field | 20190615093523.0 |
| 008 - FIXED-LENGTH DATA ELEMENTS--GENERAL INFORMATION | |
| fixed length control field | 140428s9999 xx 000 0 und d |
| 020 ## - INTERNATIONAL STANDARD BOOK NUMBER | |
| International Standard Book Number | NA |
| 040 ## - CATALOGING SOURCE | |
| Transcribing agency | PK-LaUMT |
| 082 ## - DEWEY DECIMAL CLASSIFICATION NUMBER | |
| Classification number | 891.4393 |
| Item number | UME-A |
| 100 ## - MAIN ENTRY--PERSONAL NAME | |
| Personal name | Umera Ahmed = عمیرہ احمد |
| 245 ## - TITLE STATEMENT | |
| Title | Amerbail = امربیل / |
| Statement of responsibility, etc | Umera Ahmed = عمیرہ احمد |
| 260 ## - PUBLICATION, DISTRIBUTION, ETC. (IMPRINT) | |
| Place of publication, distribution, etc | Lahore,Pakistan: |
| Name of publisher, distributor, etc | Ilm-o-Irfan Publishers, |
| Date of publication, distribution, etc | 2008 |
| 300 ## - PHYSICAL DESCRIPTION | |
| Extent | 636 p. |
| 546 ## - LANGUAGE NOTE | |
| Language note | UR |
| 650 ## - SUBJECT ADDED ENTRY--TOPICAL TERM | |
| Topical term or geographic name as entry element | Pakistani literature-Urdu |
| 942 ## - ADDED ENTRY ELEMENTS (KOHA) | |
| Koha item type | Books |
| Withdrawn status | Lost status | Damaged status | Home library | Current library | Date acquired | Full call number | Barcode | Date last seen | Price effective from | Koha item type |
|---|---|---|---|---|---|---|---|---|---|---|
| UMT Main Campus | UMT Main Campus | 2014-04-28 | 891.4393 UME-A | 48634 | 2014-05-06 | 2014-05-06 | Books | |||
| UMT Main Campus | UMT Main Campus | 2014-06-26 | 891.4393 UME-A | 62610 | 2026-07-03 | 2014-06-26 | Books |
